A biblioteca pública : aspectos tipológicos e linhas gerais da sua evolução (Registo nº 197657)

Detalhes MARC
000 -Etiqueta do registo
Valores 00627nam 22001813 4500
100 ## - Dados gerais de processamento
Dados gerais 20250827d u||y0pory50 ba
200 ## - Titulo e menção de responsabilidade
Título próprio A biblioteca pública : aspectos tipológicos e linhas gerais da sua evolução
Primeira menção de responsabilidade Luís Cabral, Manuel Real
210 ## - Publicação
Local de publicação [Lisboa]
Nome do editor BAD
Data de publicação 1982
215 ## - Descrição física 
Paginação / Volumes 41, [5] p.
Outras indicações físicas brochado
Dimensões 21 cm
606 ## - Nome comum usado como assunto
ID Autoridade 13666
Palavra de ordem Biblioteconomia
Subdivisão assunto Função, valor, utilidade, criação, desenvolvimento de bibliotecas
675 ## - CDU
Notação 021
Edição PT
Língua por
700 ## - Autor principal (pessoa individual)
ID Autoridade 13703
Apelido Cabral
Nome Luís
Datas 1953-2024
701 ## - Co-autor principal (pessoa individual)
ID Autoridade 13707
Apelido Real
Nome Manuel
801 ## - Fonte de origem
País PT
Agência BMMN
Regras de catalogação RPC
830 ## - Notas gerais do catalogador
Criado por Vanda
990 ## - Elementos KOHA
Tipo de documento Livro
Exemplares
Situação do levantamento Biblioteca de origem Código de barras Cota Permissão de empréstimo Tipo de documento Forma de aquisição
  Biblioteca Municipal de Montemor-o-Novo 25783 021 CAB|DEP   Livro Oferta

Powered by Koha